Welcome to the Holygrace Academy Library

Please use search bar below to get started

AIEEE CHAPTERWISE SOLUTIONS (Record no. 1384)

MARC details
000 -LEADER
fixed length control field 00311nam a22001217a 4500
082 ## - DEWEY DECIMAL CLASSIFICATION NUMBER
Classification number 540
Item number MTG/A
100 ## - MAIN ENTRY--AUTHOR NAME
Personal name MTG LEARNING INDIA
245 ## - TITLE STATEMENT
Title AIEEE CHAPTERWISE SOLUTIONS
Remainder of title PHYSICS, CHEMISTRY, MATHEMATICS
260 ## - PUBLICATION, DISTRIBUTION, ETC. (IMPRINT)
Place of publication DELHI
Name of publisher MTG BOOKS
Year of publication 2006
300 ## - PHYSICAL DESCRIPTION
Number of Pages 119
650 ## - SUBJECT ADDED ENTRY--TOPICAL TERM
Topical Term BIOLOGY REFERENCE
Geographic subdivision INDIA
942 ## - ADDED ENTRY ELEMENTS (KOHA)
Koha item type Books
Holdings
Withdrawn status Lost status Collection code Home library Current library Shelving location Date acquired Source of acquisition Full call number Accession Number Koha item type
    Reference Main Library Main Library SHELF-5 D REFERENCEBIOLOGY 28/05/2009 purchase 540 MTG/A 04584 Books